Errate den Songtext ohne das Lied zu kennen #10 - Statistiken

Allgemein
  • Dieses Quiz wurde 575 mal gespielt
  • Das Durchschnittsergebnis liegt bei 67 aus 231
Antwortstatistiken
Antwort % Korrekt
I
99%
you
89%
you,
89%
a
84%
A
84%
the
73%
The
73%
When
67%
when
67%
love
63%
She
62%
she
62%
is
59%
it
59%
to
59%
and
57%
your
53%
in
52%
my
52%
go
51%
on
51%
her
48%
her,
48%
was
41%
that
38%
don't
36%
like
35%
not
35%
ever
34%
for
33%
but
30%
has
30%
know
29%
never
29%
let
28%
wanna
28%
at
27%
just
27%
with
27%
you're
26%
If
25%
Way
22%
Every
21%
every
21%
than
20%
back
19%
best
18%
good
18%
got
18%
think
18%
'Cause
16%
friend
16%
Yeah,
16%
look
14%
loves
14%
she's
14%
She's
14%
about
13%
more
13%
Alone
12%
high
11%
new
11%
Hey,
10%
school,
9%
supermodel,
8%
supermodel
8%
boyfriend
7%
I'd
7%
She'll
7%
used
7%
around
6%
dad
6%
Low-
6%
master,
6%
moment
6%
queen
6%
takes
6%
'90s
5%
deep
5%
money
5%
night's
5%
uh
5%
clock
4%
cocaine,
4%
cocaine
4%
deal
4%
looking,
4%
Okay
4%
parties
4%
parties,
4%
pay
4%
rock'n'roll
4%
talks
4%
'til
4%
breaths
3%
Christian
3%
compliments
3%
deadly
3%
drag
3%
heartbreak
3%
OnlyFans,
3%
silhouette
3%
upset,
3%
Virgin
3%
working
3%
cigarettes
2%
confessions
2%
Mary
2%
Maury
2%
named
2%
pants
2%
Savor
2%
stealing
2%
Basquiat
1%
wasted
1%
Keine übereinstimmenden Quizze gefunden
Verteilung der Resultate
Anzahl Personen mit jedem Resultat
Perzentil nach korrekt beantworteten Fragen
Ihre Resultats-Entwicklung
Sie haben dieses Quiz noch nicht gespielt